<?xml version="1.0" encoding="UTF-8"?>
<record
    xmlns:xsi="http://www.w3.org/2001/XMLSchema-instance"
    xsi:schemaLocation="http://www.loc.gov/MARC21/slim http://www.loc.gov/standards/marcxml/schema/MARC21slim.xsd"
    xmlns="http://www.loc.gov/MARC21/slim">

  <leader>00613nam a22001937a 4500</leader>
  <datafield tag="999" ind1=" " ind2=" ">
    <subfield code="c">1143</subfield>
    <subfield code="d">1143</subfield>
  </datafield>
  <controlfield tag="008">191017b           ||||| |||| 00| 0 eng d</controlfield>
  <datafield tag="017" ind1=" " ind2=" ">
    <subfield code="a">2008-387</subfield>
  </datafield>
  <datafield tag="020" ind1=" " ind2=" ">
    <subfield code="a">9175013120</subfield>
  </datafield>
  <datafield tag="040" ind1=" " ind2=" ">
    <subfield code="a">NLN</subfield>
    <subfield code="b">English</subfield>
  </datafield>
  <datafield tag="110" ind1=" " ind2=" ">
    <subfield code="a">CLARETIAN Communications (Clacom)</subfield>
    <subfield code="9">2725</subfield>
  </datafield>
  <datafield tag="245" ind1=" " ind2=" ">
    <subfield code="a">Daily gospel 2005:</subfield>
    <subfield code="b">reading and commentary</subfield>
    <subfield code="c">Claretian Communications (Clacom)</subfield>
  </datafield>
  <datafield tag="260" ind1=" " ind2=" ">
    <subfield code="a">Owerri, Imo State (Nigerian Province, PMB 1019) :</subfield>
    <subfield code="b">Claretian Communications (Clacom) ) ,</subfield>
    <subfield code="c">2005.</subfield>
  </datafield>
  <datafield tag="300" ind1=" " ind2=" ">
    <subfield code="b">:ill. ;14cm.</subfield>
  </datafield>
  <datafield tag="563" ind1=" " ind2=" ">
    <subfield code="a">(pbk)</subfield>
  </datafield>
  <datafield tag="650" ind1=" " ind2=" ">
    <subfield code="a">Devotional calendars/</subfield>
    <subfield code="9">51</subfield>
  </datafield>
  <datafield tag="942" ind1=" " ind2=" ">
    <subfield code="c">BK</subfield>
  </datafield>
  <datafield tag="050" ind1=" " ind2=" ">
    <subfield code="a">BV4811</subfield>
    <subfield code="b">.C592</subfield>
  </datafield>
  <datafield tag="082" ind1=" " ind2=" ">
    <subfield code="a">242.2</subfield>
  </datafield>
  <datafield tag="952" ind1=" " ind2=" ">
    <subfield code="0">0</subfield>
    <subfield code="1">0</subfield>
    <subfield code="2">lcc</subfield>
    <subfield code="4">0</subfield>
    <subfield code="7">0</subfield>
    <subfield code="a">LAG</subfield>
    <subfield code="b">MAIN</subfield>
    <subfield code="d">2019-10-17</subfield>
    <subfield code="i">77440</subfield>
    <subfield code="l">0</subfield>
    <subfield code="o">BV4811 .C592</subfield>
    <subfield code="p">2019-2927</subfield>
    <subfield code="r">2019-10-17 00:00:00</subfield>
    <subfield code="w">2019-10-17</subfield>
    <subfield code="y">BK</subfield>
  </datafield>
</record>
